| 000 | 00500nam a22001697a 4500 | ||
|---|---|---|---|
| 005 | 20231107091540.0 | ||
| 008 | 231107b |||||||| |||| 00| 0 eng d | ||
| 020 | _a0409055859 | ||
| 041 | _aEnglish | ||
| 082 | _a346.47 SMI | ||
| 100 |
_aSmith, A _lEnglish |
||
| 245 |
_aCopyright Companion / _cA Smith |
||
| 260 |
_aDurban : _bButterworth Publishers (Pty) Ltd, _c1995 |
||
| 300 |
_bviii, 191 pages ; _c25 cm. |
||
| 650 |
_aLegal practice _bLaw |
||
| 942 |
_cBK _6ALISON_BN_VRIES |
||
| 999 |
_c357 _d357 |
||